000
00316nam a22001457a 4500
008
210308b ||||| |||| 00| 0 eng d
020
_a
087901136X
041
_a
eng
080
_a
575
082
_a
575
100
_a
5
101
_a
BIO
245
_a
Principles of Biochemistry
_c
Lehninger, A.L
942
_2
udc
_c
BK
999
_c
55991
_d
55991